| 000 | 00927nam0a22002771 4500 | ||
|---|---|---|---|
| 001 | v19\rc\1644682 | ||
| 005 | 20061002130023.4 | ||
| 035 | _a(NLR Aleph) 004757239 | ||
| 090 |
_a4565641 _c4565641 |
||
| 100 | _a20061002d1886 |||y0rusy50 ca | ||
| 101 | 0 | _arus | |
| 102 | _aRU | ||
| 105 | _ay z ||||| | ||
| 200 | 1 |
_aКритический разбор теории заражения матери сифилисом от плода _e(Choc en retour) _f[Соч.] Д-ра К. Шадека |
|
| 210 |
_aКиев _cтип. Г.Т. Корчак-Новицкого _d1886 |
||
| 215 |
_a70 с. _d22 |
||
| 320 | _aБиблиогр. в примеч. | ||
| 700 | 1 |
_aШадек _bК. И. _f1852- _gКарл Иосифович |
|
| 801 | 0 |
_aRU _bNLR _gpsbo |
|
| 801 | 0 |
_aRU _bRuMoRGB _2psbo |
|
| 801 | 1 |
_aRU _bProSoft-M _2rusmarc |
|
| 852 |
_aNLR _j18.216.3.229 |
||
| 899 |
_aRuMoRGB _jT 30/540 |
||
| 899 | _aБАН | ||
| 942 | _cBOOK | ||
| 980 | _aNB | ||